000 01257nam a22002657a 4500
005 20100722153930.0
010 _aHIN-89787
020 _a8190229133
_c150.00
020 _a9788190229135
_c150.00
035 _aHN-62133
037 _bDBAD/PUB
082 _a613
100 _aगोयल, ब्रज भूषण
245 _aस्वास्थ्य का रहस्य अपक्वाहार /
_cब्रज भूषण गोयल
246 _aSwasthya ka rahasya apakwahar
_bby Brij Bhushan Goel
260 _aदिल्ली
_bआल इंडिया नेचर क्योर फेडरेशन
_c2009
270 _aबी एम-7, (वेस्ट) शालीमार बाग
_bदिल्ली
_e110088
_k011-27482211, 27481710
_l011-27477576
_mE-mail : bbgoel@lifehappy.org
300 _a216पृ.
_c22सेमी (अजिल्द)
500 _aआहार ही औषधि है
650 _aस्वास्थ्य विज्ञान
_91240
650 _aSwasthya Vigyan
_91241
700 _9798
942 _2ddc
_cHN
_h613
_mगोयल
999 _c37278
_d37278